| 000 | 00598nam a2200205 4500 | ||
|---|---|---|---|
| 010 | _aENG-147634 | ||
| 020 |
_a9789370604261 _c625.00 |
||
| 035 | _aEN-131166 | ||
| 037 | _bDBAD | ||
| 082 |
_a320.954 _b1 |
||
| 100 |
_aDubey Sanjay,Dubey Apurva _986799 |
||
| 245 |
_aIndian Polity/ _bby Sanjay Dubey,Apurva Dubey |
||
| 250 | _a1 | ||
| 260 |
_bWiley India pvt.Ltd _c2025 _aNew Delhi |
||
| 270 |
_a4436/7,Ansari Road, Daryaganj _bNew Delhi _e110002 |
||
| 300 |
_ap.848 _c24cm(pb) |
||
| 700 |
_aGeethu Vb _986795 |
||
| 700 |
_aAmruth m _986796 |
||
| 942 |
_2ddc _cEN _h324.954 _mDub |
||
| 999 |
_c214451 _d214451 |
||